[Event "FSIM March 2015"]
[Site "Budapest HUN"]
[Date "2015.03.11"]
[Round "5.1"]
[White "Szeberenyi,A"]
[Black "Annageldyev,O"]
[Result "1-0"]
[WhiteElo "2313"]
[BlackElo "2371"]

1.d4 Nf6 2.c4 c5 3.d5 e6 4.Nc3 exd5 5.cxd5 d6 6.Nf3 g6 7.Nd2 Nbd7 8.Nc4 Nb6
9.Bg5 Nxc4 10.Qa4+ Bd7 11.Qxc4 Bg7 12.e3 O-O 13.Qh4 Re8 14.Be2 b5 15.a3 b4
16.axb4 cxb4 17.Qxb4 Nxd5 18.Qh4 f6 19.Bh6 Nxc3 20.bxc3 Bxh6 21.Qxh6 Qc7
22.O-O Re5 23.Qf4 Kg7 24.Qd4 Bc6 25.Ra6 Rd5 26.Rxc6 Qxc6 27.Bf3 Rxd4 28.Bxc6 Rc8
29.Bd7 Rdc4 30.Bxc8 Rxc8 31.Ra1 Rc7 32.Kf1 Kf7 33.g4 Ke6 34.Ke2 Kd5 35.Kd3 Kc5
36.h4 Kb5 37.Rb1+ Kc5 38.Ra1 Kb5 39.Rb1+ Kc6 40.Ra1 Kb6 41.Rb1+ Kc5 42.Ra1 Kb6
43.Rb1+ Ka6 44.Ra1+ Kb7 45.Rb1+ Ka8 46.Ra1 Rc6 47.e4 Kb7 48.g5 Rc7 49.Kd4 Rf7
50.Kd5 fxg5 51.hxg5 Rxf2 52.Kxd6 Rd2+ 53.Ke6 h6 54.gxh6 Rh2 55.e5 Rxh6 56.Kf7 Rh3
57.e6 Rf3+ 58.Kxg6 Rg3+ 59.Kf7 Rxc3 60.Re1 Rf3+ 61.Ke8 a5 62.e7 a4 63.Kd7 Rf7
64.Ra1  1-0

[Event "TCh-FIN 2014-15"]
[Site "Finland FIN"]
[Date "2015.03.13"]
[Round "9.7"]
[White "Vinke,D"]
[Black "Kosmo,S"]
[Result "1/2-1/2"]
[WhiteElo "2166"]
[BlackElo "2227"]

1.d4 Nf6 2.c4 c5 3.d5 e6 4.Nc3 exd5 5.cxd5 d6 6.Nf3 g6 7.g3 Bg7 8.Bg2 O-O
9.O-O Re8 10.Nd2 a6 11.a4 Nbd7 12.h3 Rb8 13.Nc4 Ne5 14.Nxe5 Rxe5 15.Bf4 Re8
16.a5 Nh5 17.Bd2 b5 18.axb6 Qxb6 19.Na4 Qb3 20.g4 Nf6 21.Bf4 Ne4 22.Ra3 Qxd1
23.Rxd1 g5 24.Bh2 Be5 25.Bxe5 Rxe5 26.e3 f5 27.f3 Ng3 28.Kf2 f4 29.e4 Bd7
30.Rd2 Bxa4 31.Rxa4 Rb6 32.b3 Re7 33.Rda2 Ra7 34.R4a3 Kf7 35.Bf1 Nxf1 36.Kxf1 Kf6
37.Ke2 Rab7 38.Rxa6 Rxa6 39.Rxa6 Ke5 40.Ra3 Kd4 41.Kd2 c4 42.Kc2 h5 43.bxc4 hxg4
44.hxg4 Rh7 45.Rd3+ Kxc4 46.Rc3+ Kd4 47.Rd3+ Kc4 48.Rc3+ Kd4 49.Rd3+  1/2-1/2

[Event "TCh-FIN 2014-15"]
[Site "Finland FIN"]
[Date "2015.03.14"]
[Round "10.7"]
[White "Hynninen,J"]
[Black "Van De Plassche,Erik"]
[Result "1-0"]
[WhiteElo "2210"]
[BlackElo "2181"]

1.d4 Nf6 2.c4 c5 3.d5 e6 4.Nc3 exd5 5.cxd5 d6 6.Nf3 g6 7.Bf4 Bg7 8.h3 O-O
9.e3 Na6 10.Bc4 Nc7 11.a4 b6 12.O-O Bf5 13.Nd2 Re8 14.Re1 Be4 15.Ndxe4 Nxe4
16.Qd3 f5 17.f3 Nxc3 18.bxc3 Qf6 19.Ra3 g5 20.Bg3 Re7 21.Bf2 Rae8 22.Rb1 Rf8
23.a5 bxa5 24.Rxa5 Ne8 25.Ra3 h5 26.Rba1 g4 27.Rxa7 Rxa7 28.Rxa7 Qxc3 29.Qxc3 Bxc3
30.Bg3 Bd2 31.Kf2 f4 32.Bxf4 gxf3 33.gxf3 Rxf4 34.exf4 Bxf4 35.Bd3 h4 36.Ra8 Kf7
37.Bg6+ Kxg6 38.Rxe8 c4 39.Rc8 Kf5 40.Rxc4 Ke5 41.Re4+  1-0

[Event "TCh-BEL 2014-15"]
[Site "Belgium BEL"]
[Date "2015.03.15"]
[Round "10.4"]
[White "Goormachtigh,J"]
[Black "Piacentini,C"]
[Result "0-1"]
[WhiteElo "2164"]
[BlackElo "2098"]

1.d4 Nf6 2.c4 c5 3.d5 e6 4.Nc3 exd5 5.cxd5 d6 6.Nf3 g6 7.Nd2 a6 8.a4 Nbd7
9.e4 Bg7 10.Be2 O-O 11.O-O Re8 12.Qc2 Rb8 13.a5 b5 14.axb6 Qxb6 15.Nc4 Qc7
16.Bf4 Bf8 17.Na5 Rb6 18.Ra2 Bb7 19.Rfa1 Nxe4 20.Nxe4 Bxd5 21.Ra4 Bxe4 22.Rxe4 Rxb2
23.Qxb2 Rxe4 24.Qd2 Bg7 25.Ra3 Qb6  0-1

[Event "TCh-ISL Div 1 2014-15"]
[Site "Reykjavik ISL"]
[Date "2015.03.20"]
[Round "7.5"]
[White "Arngrimsson,D"]
[Black "Kristinsson,Ba"]
[Result "1-0"]
[WhiteElo "2376"]
[BlackElo "2160"]

1.d4 Nf6 2.Nf3 e6 3.c4 c5 4.d5 exd5 5.cxd5 d6 6.Nc3 g6 7.g3 Bg7 8.Bg2 O-O
9.O-O Na6 10.Re1 Nc7 11.a4 b6 12.Bf4 Ba6 13.e4 Nfe8 14.e5 Bb7 15.Qd2 a6 16.Rad1 b5
17.exd6 Nxd6 18.Ne5 Re8 19.Nc6 Qd7 20.Bxd6 Qxd6 21.Na5 Rxe1+ 22.Qxe1 Bxc3
23.Nxb7 Bxe1 24.Nxd6 Bb4 25.Nb7 Rb8 26.d6 Ne6 27.d7 Nd8 28.Nxd8 Rxd8 29.axb5 axb5
30.Bc6 c4 31.Rc1 Be7 32.Re1 Kf8 33.Bxb5 Rb8 34.Re5 Rb6 35.Kg2 Rd6 36.Re4 Rd2
37.Rxc4 Rxb2 38.Rc8+ Kg7 39.Bd3  1-0

[Event "TCh-ISL Div 1 2014-15"]
[Site "Reykjavik ISL"]
[Date "2015.03.21"]
[Round "8.1"]
[White "Halldorsson,G"]
[Black "Thorfinnsson,Bj"]
[Result "0-1"]
[WhiteElo "2219"]
[BlackElo "2389"]

1.d4 Nf6 2.c4 c5 3.d5 e6 4.Nc3 exd5 5.cxd5 d6 6.Nf3 g6 7.g3 Bg7 8.Bg2 O-O
9.O-O a6 10.a4 Re8 11.Nd2 Nbd7 12.Nc4 Ne5 13.Nxe5 Rxe5 14.Bf4 Re8 15.Qd2 Ng4
16.Ne4 Ne5 17.Bg5 f6 18.Bh6 Bh8 19.Bf4 Nf7 20.Qc1 Bf5 21.Nc3 Qd7 22.e4 Bh3
23.Re1 Bxg2 24.Kxg2 b5 25.Qc2 b4 26.Nb1 f5 27.f3 g5 28.Bc1 g4 29.Nd2 gxf3+
30.Nxf3 fxe4 31.Rxe4 Rxe4 32.Qxe4 Re8 33.Qc2 Qe7 34.Rb1 b3 35.Qxb3 Qe2+ 36.Kh3 c4
37.Qa3 Qf1+ 38.Kg4 h5+ 39.Kxh5 Qh3+  0-1

[Event "TCh-ISL Div 1 2014-15"]
[Site "Reykjavik ISL"]
[Date "2015.03.21"]
[Round "8.4"]
[White "Kristinsson,J"]
[Black "Kristjansson,St"]
[Result "0-1"]
[WhiteElo "2253"]
[BlackElo "2490"]

1.d4 Nf6 2.Nf3 e6 3.c4 c5 4.d5 d6 5.Nc3 exd5 6.cxd5 g6 7.Bg5 Bg7 8.e4 O-O
9.Nd2 a6 10.a4 Re8 11.Be2 Nbd7 12.O-O Qc7 13.Qc2 Rb8 14.h3 c4 15.Bxc4 b5
16.axb5 axb5 17.Bd3 Ne5 18.Rfc1 Bd7 19.Be3 Rec8 20.Qb1 Qd8 21.Bf1 Nh5 22.Na2 Nc4
23.Nxc4 bxc4 24.Nc3 f5 25.Qc2 Be5 26.Qd2 f4 27.Bd4 Rxb2 28.Qxb2 Bxd4 29.Qd2 Qf6
30.Ra3 f3 31.e5 dxe5 32.Ne4 Qh4 33.Ng5 fxg2 34.Bxg2 Nf4 35.Ne6 Bxe6 36.dxe6  0-1

[Event "TCh-BEL 2014-15"]
[Site "Belgium BEL"]
[Date "2015.03.22"]
[Round "11.1"]
[White "Levin,F"]
[Black "Fridman,D"]
[Result "0-1"]
[WhiteElo "2513"]
[BlackElo "2633"]

1.d4 Nf6 2.c4 e6 3.Nf3 c5 4.d5 exd5 5.cxd5 d6 6.Nc3 g6 7.Bf4 a6 8.a4 Bg7
9.h3 O-O 10.e3 Qe7 11.Be2 Nbd7 12.O-O Ne8 13.a5 Rb8 14.Nd2 Ne5 15.Bg3 b5
16.axb6 Rxb6 17.Ra2 Nc7 18.Nb3 f5 19.Na5 Bd7 20.f4 Nf7 21.Bf2 Rfb8 22.Qd2 Qf8
23.Bc4 Bf6 24.b3 Qg7 25.Be1 Re8 26.Qd3 Rxe3 27.Qxe3 Bd4 28.Re2 Rb8 29.Kh2 Bxe3
30.Rxe3 Re8 31.Rxe8+ Bxe8 32.Rf3 Kf8 33.Ne2 Nb5 34.Nc6 Bxc6 35.dxc6 Nd8 36.Bd5 Qe7
37.Nc3 Qxe1 38.Nxb5 Nxc6 39.Bxc6 axb5 40.Bxb5 d5  0-1

[Event "TCh-HUN 2014-15"]
[Site "Hungary HUN"]
[Date "2015.03.22"]
[Round "8.2"]
[White "Bakos,B"]
[Black "Nagy,Ga1"]
[Result "1/2-1/2"]
[WhiteElo "2390"]
[BlackElo "2416"]

1.d4 Nf6 2.c4 c5 3.d5 e6 4.Nc3 exd5 5.cxd5 d6 6.Nf3 g6 7.Bf4 a6 8.e4 Bg7
9.Qa4+ Bd7 10.Qb3 Qc7 11.a4 Nh5 12.Be3 O-O 13.Be2 Bg4  1/2-1/2

[Event "TCh-CZE Extraliga 2014-15"]
[Site "Prague CZE"]
[Date "2015.03.27"]
[Round "9.1"]
[White "Kociscak,J"]
[Black "Klima,L"]
[Result "1/2-1/2"]
[WhiteElo "2432"]
[BlackElo "2341"]

1.d4 Nf6 2.c4 e6 3.Nc3 c5 4.d5 exd5 5.cxd5 d6 6.Nf3 g6 7.Nd2 Bg7 8.e4 O-O
9.Be2 Re8 10.O-O Nbd7 11.Re1 a6 12.a4 Rb8 13.h3 Bh6 14.Nc4 Bxc1 15.Qxc1 Nb6
16.Nd2 Bd7 17.f4 Qc7 18.Bf3 a5 19.e5 dxe5 20.Nde4 Nfxd5 21.Nxd5 Nxd5 22.Rd1 f5
23.Nxc5 e4 24.Rxd5 Bc6 25.Nd7 exf3 26.Qc4 Re4 27.Nf6+ Kh8 28.Nxe4 fxe4 29.Qd4+ Kg8
30.Rd6 fxg2 31.Rd1 Re8 32.Qc4+ Qf7 33.Qxf7+ Kxf7 34.Kxg2 e3+ 35.Kg1 Bxa4
36.Re1 Bc6 37.Rd3 e2 38.Kf2 Re4 39.Rc3 Bb5 40.Rc7+ Kf6 41.Rxb7 Rxf4+ 42.Ke3 Rb4
43.Rxh7 Rxb2 44.Rb7 a4 45.Ra1 a3 46.Kf2 Bd3 47.Ra7 Rb4 48.R7xa3 Rf4+ 49.Ke3 Rf1  1/2-1/2

[Event "TCh-LTU 2015"]
[Site "Lithuania LTU"]
[Date "2015.03.28"]
[Round "6.1"]
[White "Brazdzionis,A"]
[Black "Ruksenas,Romas"]
[Result "1-0"]
[WhiteElo "2195"]
[BlackElo "1888"]

1.d4 c5 2.d5 Nf6 3.c4 e6 4.Nc3 exd5 5.cxd5 d6 6.Nf3 g6 7.Nd2 Nbd7 8.e4 a6
9.a4 Bg7 10.Be2 O-O 11.O-O Re8 12.f3 Qc7 13.Kh1 Rb8 14.Ra3 Nb6 15.a5 Nbd7
16.Nc4 b5 17.axb6 Nxb6 18.Na5 c4 19.b3 cxb3 20.Rxb3 Nfd7 21.Nc6 Ra8 22.Bf4 Bb7
23.Na2 Nc5 24.Bxd6 Qxd6 25.Rxb6 Rac8 26.Bc4 Qf6 27.Rxb7 Nxb7 28.e5 Qf4 29.Bxa6 Ra8
30.Ncb4 Nc5 31.Bb5 Rxe5 32.g3 Qe3 33.d6 Ne6 34.Bc6 Rd8 35.f4 Rc5 36.Bg2 Nd4
37.Re1 Qb3 38.Qxb3 Nxb3 39.Bd5 Rxd6 40.Bxb3 Bf6 41.Rd1 Rxd1+ 42.Bxd1 Ra5
43.Kg2 Be7 44.Kf3 Rb5 45.Nd3 Bf6 46.Nab4 Bc3 47.Nc2 Rb1 48.Be2 Rb8 49.Ne3 Rd8
50.g4 Kg7 51.Nc5 Bd4 52.Ne4 Re8 53.Nc4 f6 54.h4 h6 55.h5 Ra8 56.Ned6 Ba1
57.Bd3 gxh5 58.gxh5 Ra2 59.Bg6 Ra4 60.Nf5+ Kf8 61.Nb6 Ra7 62.Nxh6 Ra3+ 63.Ke4 Rh3
64.Nf5 Kg8 65.Nd5 Rh2 66.Nh6+ Kg7 67.Ng4 Rh4 68.Kf5 Bb2 69.Nc7 Bc1 70.Ne8+ Kh8
71.Nexf6 Kg7 72.h6+ Kh8 73.Ne4 Rh1 74.Nd6 Bb2 75.Nf7+ Kg8 76.Nf6+ Kf8 77.Nh5 Ra1
78.h7  1-0

[Event "TCh-CZE Extraliga 2014-15"]
[Site "Prague CZE"]
[Date "2015.03.28"]
[Round "10.3"]
[White "Vokac,M"]
[Black "Butkiewicz,L"]
[Result "0-1"]
[WhiteElo "2458"]
[BlackElo "2422"]

1.d4 Nf6 2.c4 c5 3.d5 e6 4.Nc3 exd5 5.cxd5 d6 6.Nf3 g6 7.Nd2 Nbd7 8.e4 a6
9.a4 Bg7 10.Be2 O-O 11.O-O Re8 12.h3 Rb8 13.Qc2 Qe7 14.Ra3 b6 15.f4 Bb7 16.Bf3 Qf8
17.Nc4 Ba8 18.Rb3 h6 19.Kh1 Qe7 20.Bd2 Nh7 21.Re1 Bd4 22.e5 dxe5 23.fxe5 Nxe5
24.d6 Qh4 25.Nxe5 Rxe5 26.Ne2 Bf2 27.Bf4 c4 28.Ra3 Bc5 29.Bg3 Qxg3 30.Nxg3 Rxe1+
31.Kh2 Bxa3 32.Bxa8 Bxd6 33.Bd5 Kh8 34.Qc3+ Re5 35.Ne4 Bc7 36.Qxc4 Re7+ 37.Kg1 Kg7
38.Qxa6 Be5 39.Qb5 Nf6 40.Nxf6 Bxf6 41.a5 Bd4+ 42.Kf1 Rc8 43.Bc6 bxa5 44.b3 Rcc7
45.Qd3 Ba7 46.Qc3+ Kh7 47.b4 axb4 48.Qxb4 Re6 49.Be4 Bb6 50.g4 Rce7 51.Kg2 Ba7
52.Bd3 Re1 53.h4 Kg7 54.h5 gxh5 55.gxh5 Rg1+ 56.Kh2 Re5 57.Qb2 Rg5 58.Be2 Be3
59.Kh3 Bf4 60.Qd4 Rg3+ 61.Kh4 Re3 62.Bd3 Bg5+ 63.Kg4 Bf6 64.Qd7 Rg5+ 65.Kf4 Re7
66.Qh3 Re1 67.Kf3 Ree5 68.Bb1 Rxh5 69.Qg2+ Reg5 70.Qc2 Rh3+ 71.Ke4 Rhg3 72.Qc8 R5g4+
73.Kf5 Rh4  0-1

[Event "TCh-CZE Extraliga 2014-15"]
[Site "Prague CZE"]
[Date "2015.03.29"]
[Round "11.2"]
[White "Priehoda,V"]
[Black "Klima,L"]
[Result "1/2-1/2"]
[WhiteElo "2363"]
[BlackElo "2341"]

1.d4 Nf6 2.c4 e6 3.Nf3 c5 4.d5 exd5 5.cxd5 d6 6.Nc3 g6 7.e4 Bg7 8.Bd3 a6
9.a4 Bg4 10.h3 Bxf3 11.Qxf3 Nbd7 12.Qd1 O-O 13.O-O Re8 14.Nb1  1/2-1/2

[Event "Bolton Easter 2015"]
[Site "Bolton ENG"]
[Date "2015.04.03"]
[Round "2"]
[White "Bentley,J"]
[Black "Mason,D"]
[Result "1/2-1/2"]
[WhiteElo "2205"]
[BlackElo "2157"]

1.d4 Nf6 2.c4 e6 3.Nf3 c5 4.d5 d6 5.Nc3 exd5 6.cxd5 g6 7.e4 Bg7 8.h3 O-O
9.Bd3 b5 10.O-O b4 11.Ne2 Re8 12.Ng3 Ba6 13.Re1 Bxd3 14.Qxd3 Nbd7 15.Bg5 h6
16.Bf4 Ne5 17.Bxe5  1/2-1/2

[Event "19th Neckar Open 2015"]
[Site "Deizisau GER"]
[Date "2015.04.03"]
[Round "3.2"]
[White "Noe,C"]
[Black "Naiditsch,A"]
[Result "0-1"]
[WhiteElo "2361"]
[BlackElo "2711"]

1.d4 Nf6 2.c4 e6 3.Nf3 c5 4.d5 d6 5.Nc3 exd5 6.cxd5 g6 7.g3 Bg7 8.Bg2 O-O
9.O-O a6 10.a4 Re8 11.Nd2 Nbd7 12.Nc4 Ne5 13.Nxe5 Rxe5 14.e4 Re8 15.h3 Rb8
16.a5 Nd7 17.Re1 b5 18.axb6 Qxb6 19.f4 Qb3 20.Qf3 Nb6 21.e5 Nc4 22.Ne4 Qxf3
23.Bxf3 dxe5 24.Nxc5 Bxh3 25.Nxa6 Rbc8 26.Ra4 Bd7 27.Rb4 Nd6 28.Rb3 Nb5 29.Bg2 e4
30.Be3 Nd4 31.Rb7 Nc2 32.Rxd7 Nxe1 33.Nc7 Nxg2 34.Kxg2 Red8 35.Rxd8+ Rxd8
36.Bc5 Bxb2 37.Be7 Rd7 38.d6 f5 39.Ne6 Ba3 40.Nf8 Rb7 41.Kf1 Rb1+ 42.Ke2 Rb2+  0-1

[Event "9th Lugano Open 2015"]
[Site "Lugano SUI"]
[Date "2015.04.03"]
[Round "1.9"]
[White "Salvetti,A"]
[Black "Belli,Giorgio"]
[Result "1-0"]
[WhiteElo "2239"]
[BlackElo "1932"]

1.d4 Nf6 2.c4 c5 3.d5 e6 4.Nc3 exd5 5.cxd5 d6 6.Nf3 g6 7.Bf4 Bg7 8.h3 O-O
9.e3 Qa5 10.Nd2 Nh5 11.Bxd6 Rd8 12.Bh2 Bxc3 13.bxc3 Rxd5 14.Bc4 Rd7 15.Qb3 a6
16.g4 Nf6 17.Be5 Qd8 18.O-O-O Nc6 19.Bxf7+ Kg7 20.Nc4 b5 21.g5 bxc4 22.Bxf6+ Kf8
23.Qxc4 Qa5 24.Rxd7 Qa3+ 25.Kd2 Qb2+ 26.Ke1 Bxd7 27.Bd5 Qc1+ 28.Ke2 Qc2+
29.Kf1 Ne7 30.Bxe7+ Ke8 31.Kg2 Rb8 32.Bxc5 Bf5 33.Bc6+ Kd8 34.Qd5+ Kc7 35.Bd6+  1-0

[Event "5th Dziedzica Mem 2015"]
[Site "Trzcianka POL"]
[Date "2015.04.19"]
[Round "6.7"]
[White "Czerwonski,A"]
[Black "Naiditsch,A"]
[Result "1-0"]
[WhiteElo "2379"]
[BlackElo "2711"]

1.d4 Nf6 2.c4 e6 3.Nf3 c5 4.d5 d6 5.Nc3 exd5 6.cxd5 a6 7.a4 g6 8.Bg5 Bg7
9.e3 h6 10.Bh4 g5 11.Bg3 Nh5 12.Be2 Nxg3 13.hxg3 Nd7 14.Qc2 Qe7 15.Bd3 Ne5
16.Bf5 O-O 17.Nxe5 Qxe5 18.g4 Rb8 19.a5 b5 20.axb6 Rxb6 21.O-O Bxf5 22.gxf5 Rfb8
23.Ra2 Rb4 24.g3 h5 25.Kg2 h4 26.f4 Qxe3 27.Rf3 h3+  1-0

[Event "Zagreb Open 2015"]
[Site "Zagreb CRO"]
[Date "2015.04.19"]
[Round "3.16"]
[White "Cvitkovic,Filip"]
[Black "Rogulj,B"]
[Result "1/2-1/2"]
[WhiteElo "2086"]
[BlackElo "2426"]

1.d4 Nf6 2.c4 c5 3.d5 e6 4.Nc3 exd5 5.cxd5 d6 6.Nf3 g6 7.Bf4 a6 8.a4 Bg7
9.e4 O-O 10.Nd2 Nh5 11.Be3 Nd7 12.Be2 Nhf6 13.O-O Ne8 14.Re1 f5 15.exf5 gxf5
16.f3 Ne5 17.Qb3 b6 18.Qa3 Qh4 19.Rab1 Ra7 20.Bf2 Qh6 21.Nf1 f4 22.b4 Bf5
23.Rb2 Qf6 24.bxc5 bxc5 25.Nd1 Nc7 26.Qb3 Raa8 27.Nd2 Qg6 28.Nc3 Nd3 29.Bxd3 Bxd3
30.Re7 Rf7 31.Rxf7 Qxf7 32.Nde4 Be5 33.Rd2 c4 34.Qb7 Qg7 35.Nd1 Kh8 36.Bb6 Bd4+
37.Bxd4 Qxd4+ 38.Ndf2 Qg7 39.Nxd3 cxd3 40.Rxd3 Rg8 41.Rd2 Qa1+ 42.Kf2 Qh1
43.Qb2+ Rg7 44.Qb8+ Rg8 45.Qb2+ Rg7 46.Ng5 Qxh2 47.Qb8+ Rg8 48.Nf7+ Kg7 49.Qxc7 Qh4+
50.Ke2 Re8+ 51.Ne5+ Qe7 52.Qxe7+ Rxe7 53.Kd3 Rxe5 54.Kc4 Kf6 55.Kb4 Re3 56.Ka5 Ke5
57.Kxa6 Rb3 58.a5 h5 59.Ka7 h4 60.a6 h3 61.gxh3 Rxf3 62.h4 Rh3 63.Ra2 Rxh4
64.Kb6 Kxd5 65.a7 Rh8 66.a8=Q+ Rxa8 67.Rxa8 f3 68.Re8 Kd4 69.Kc6 d5 70.Rf8 Ke3
71.Kxd5 f2 72.Kc4 Ke2  1/2-1/2

[Event "64th ch-BUL w 2015"]
[Site "Pleven BUL"]
[Date "2015.04.20"]
[Round "3.1"]
[White "Yordanova,S"]
[Black "Antova,Gabriela"]
[Result "1/2-1/2"]
[WhiteElo "2101"]
[BlackElo "2047"]

1.d4 Nf6 2.c4 c5 3.d5 e6 4.Nc3 exd5 5.cxd5 d6 6.Nf3 g6 7.Bf4 Bg7 8.Nd2 Nh5
9.Be3 O-O 10.g3 a6 11.a4 Nd7 12.Bg2 Ne5 13.Nf3 Nc4 14.Bc1 Rb8 15.Qd3 b5 16.axb5 axb5
17.O-O Re8 18.Re1 Na5 19.Bg5 f6 20.Be3 Nb3 21.Ra2 c4 22.Qd1 f5 23.Nd4 Nxd4
24.Bxd4 Nf6 25.e3 Bd7 26.Qa1 Qc7 27.Rc1 Rec8 28.Ne2 b4 29.Nf4 Ne4 30.Bxg7 Kxg7
31.Ra7 Rb7 32.Ra6 Kg8 33.Bxe4 fxe4 34.Qb1 Bb5 35.Ra1 Qe7 36.Ne6 Qf6 37.Qxe4 Rf7
38.f4 Qxb2 39.Rab1 Qa3 40.Ra1 Qb2 41.Rab1 Qa3  1/2-1/2

[Event "Zagreb Open 2015"]
[Site "Zagreb CRO"]
[Date "2015.04.20"]
[Round "5.2"]
[White "Kozul,Z"]
[Black "Cebalo,M"]
[Result "1/2-1/2"]
[WhiteElo "2630"]
[BlackElo "2379"]

1.d4 Nf6 2.Nf3 c5 3.d5 e6 4.c4 d6 5.Nc3 exd5 6.cxd5 g6 7.Bf4 a6 8.a4 Bg7
9.h3 O-O 10.e3 Nh5 11.Bh2 f5 12.Be2 f4 13.O-O Nd7 14.Nd2 fxe3 15.fxe3 Rxf1+
16.Nxf1 Ne5 17.Bxh5 gxh5 18.Qxh5 Bd7 19.Ng3 Be8 20.Qe2 Bg6 21.Nh5 Bxh5 22.Qxh5 Qe8
23.Qe2 Qg6 24.a5 Re8 25.Ra4 Qd3 26.Bxe5 Qxe2 27.Nxe2 Rxe5 28.e4 Re8 29.b3 Be5
30.Rc4 b5 31.axb6 a5 32.Kf1 Rb8 33.Ng1 Kf7 34.Nf3 Kf6 35.Ra4 Rxb6 36.Rxa5 Rxb3
37.Ra2 Rb4 38.Ra7 h5 39.Rh7 Kg6 40.Re7 Rxe4 41.Re6+ Kf5 42.Rh6 h4 43.Rh5+ Kf6
44.Rxh4 Rxh4 45.Nxh4 Bg3 46.Nf3 Kf5 47.h4 Kg4 48.Ke2 Bxh4 49.Ke3 Bf6  1/2-1/2

[Event "79th ch-BUL 2015"]
[Site "Pleven BUL"]
[Date "2015.04.21"]
[Round "4.1"]
[White "Cheparinov,I"]
[Black "Dimov,Di"]
[Result "1-0"]
[WhiteElo "2675"]
[BlackElo "2340"]

1.d4 Nf6 2.c4 e6 3.Nf3 c5 4.d5 exd5 5.cxd5 d6 6.Nc3 g6 7.Bf4 a6 8.a4 Bg7
9.h3 O-O 10.e3 Re8 11.Nd2 Nbd7 12.Be2 Ne5 13.O-O Nfd7 14.Bg3 f5 15.Qc2 b6
16.Kh1 Nf6 17.Qb3 Rb8 18.Rad1 Qc7 19.Rfe1 Bb7 20.Bxe5 Rxe5 21.Nc4 Ne4 22.Kg1 Re7
23.Nxe4 Rxe4 24.Bf3 Re7 25.Qxb6 Qxb6 26.Nxb6 Bxb2 27.Rd3 Be5 28.Rb3 Bc8 29.Reb1 a5
30.Nc4 Rb4 31.Nxa5 Rxa4 32.Nc6 Re8 33.Nxe5 Rxe5 34.Rb8 Re8 35.R1b6 Rb4 36.Rxb4 cxb4
37.Be2 Kf8 38.Rxb4 Rd8 39.Rb8 Ke7 40.Bb5 g5 41.f4 g4 42.Kf2 gxh3 43.gxh3 Rf8
44.Ra8 h6 45.h4 Kf7 46.Ra7+ Kf6 47.Rc7 Kg6 48.h5+ Kxh5 49.Rg7 Rf6 50.Be2+  1-0

[Event "ch-LTU 2015"]
[Site "Kaunas LTU"]
[Date "2015.04.25"]
[Round "3.1"]
[White "Sulskis,S"]
[Black "Pultinevicius,Paulius"]
[Result "1-0"]
[WhiteElo "2549"]
[BlackElo "2182"]

1.d4 Nf6 2.c4 e6 3.Nf3 c5 4.d5 exd5 5.cxd5 d6 6.Nc3 g6 7.Bf4 a6 8.h3 Bg7
9.e4 O-O 10.Bd3 b5 11.O-O Bb7 12.Re1 Ne8 13.a3 Nd7 14.Bg5 Bf6 15.Bh6 Bg7
16.Bxg7 Kxg7 17.b4 cxb4 18.axb4 Ne5 19.Nd4 Rc8 20.Ra3 Nxd3 21.Qxd3 Rc4 22.Nb3 Qb6
23.Na5 Rxb4 24.Na2 Ra4 25.Rxa4 bxa4 26.Nc4 Qc7 27.Qd4+ Kg8 28.Nc3 Qe7 29.Nxa4 Nf6
30.Nab6 Nh5 31.e5 Rd8 32.e6 Ng7 33.Na5 fxe6 34.Nxb7 Qxb7 35.dxe6 Nf5 36.Qd5 Rb8
37.g4 Ne7 38.Qxd6 Qxb6 39.Qxe7 Rf8 40.Re3 Qb1+ 41.Kg2 Qc2 42.Rf3 Rxf3 43.Kxf3 Qd3+
44.Kg2 Qe4+ 45.Kh2 Qe5+ 46.Kg1 Qe1+ 47.Kg2 Qe4+ 48.Kg3 Qe5+ 49.Kf3 Qd5+ 50.Ke3 Qe5+
51.Kd3 Qd5+ 52.Kc3 Qe5+ 53.Kc4 Qf4+ 54.Kd5 Qxf2 55.Qd8+ Kg7 56.Qc7+ Kg8 57.Qd8+ Kg7
58.Qd7+ Kg8 59.e7 Qf3+ 60.Kd6 Qd3+ 61.Kc7 Qc3+ 62.Qc6 Qe5+ 63.Kd7 Qd4+ 64.Kc8  1-0

[Event "ch-MGL 2015"]
[Site "Ulan Bator MGL"]
[Date "2015.04.25"]
[Round "12.1"]
[White "Agibileg,Uurtsaikh"]
[Black "Gan-Od,Sereenen"]
[Result "0-1"]
[WhiteElo "2123"]
[BlackElo "2303"]

1.d4 Nf6 2.c4 e6 3.Nc3 c5 4.d5 exd5 5.cxd5 d6 6.Nf3 a6 7.a4 g6 8.h3 Bg7 9.e4 O-O
10.Bd3 Nbd7 11.O-O Nh5 12.Be2 Qe7 13.Bg5 Bf6 14.Bxf6 Qxf6 15.Re1 Nf4 16.Bf1 g5
17.g3 Ng6 18.Bg2 Nde5 19.Nxe5 Nxe5 20.Rf1 Bd7 21.Qe2 Rae8 22.f4 gxf4 23.gxf4 Ng6
24.Rae1 Kh8 25.Kh2 Rg8 26.Qf2 b5 27.axb5 Bxb5 28.e5 dxe5 29.fxe5 Qxf2 30.Rxf2 Nxe5
31.Rd1 Bd3 32.Rfd2 c4 33.b3 Bg6 34.bxc4 Nxc4 35.Rd4 Ne3 36.R1d2 Rc8 37.Nd1 Nc4
38.Ra2 Bh5 39.Nf2 Ne5 40.Ne4 Bf3  0-1

[Event "Malopolska Open 2015"]
[Site "Krakow POL"]
[Date "2015.04.26"]
[Round "1.8"]
[White "Zaboklicki,Z"]
[Black "Shilov,S"]
[Result "1/2-1/2"]
[WhiteElo "1836"]
[BlackElo "2145"]

1.Nf3 Nf6 2.d4 c5 3.d5 e6 4.c4 exd5 5.cxd5 d6 6.Nc3 g6 7.e4 Bg7 8.Be2 O-O
9.O-O Re8 10.Nd2 Nbd7 11.h3 h6 12.Qc2 a6 13.a4 Rb8 14.Nc4 Ne5 15.Nxe5 Rxe5
16.Bf4 Re8 17.Rfe1 g5 18.Bg3 g4 19.hxg4 Bxg4 20.f3 Nh5 21.Bf2 Bd7 22.Qd2 Qf6
23.g4 Qg6 24.Bf1 Be5 25.Bg2 Nf4 26.Be3 Qf6 27.Ne2 Nxg2 28.Kxg2 Bxb2 29.Ra2 Be5
30.f4 Bxg4 31.fxe5 Qf3+ 32.Kg1 Rxe5 33.Rf1 Qxe2 34.Qxe2 Bxe2 35.Rxe2 Rxe4
36.Rg2+ Kh8 37.Bxh6 Rg8 38.Bg5 Rg6 39.Rxf7 Kg8  1/2-1/2

[Event "Zonal 2.5 2015"]
[Site "Asuncion PAR"]
[Date "2015.04.28"]
[Round "2.5"]
[White "Almiron,A"]
[Black "Flores,Di"]
[Result "0-1"]
[WhiteElo "2281"]
[BlackElo "2569"]

1.d4 Nf6 2.c4 e6 3.Nc3 c5 4.d5 exd5 5.cxd5 d6 6.Nf3 g6 7.Bf4 a6 8.a4 Bg7
9.h3 O-O 10.e3 Re8 11.Nd2 Nbd7 12.Be2 Ne5 13.O-O Nfd7 14.Bh2 f5 15.Qc2 Nf6
16.Rae1 Rb8 17.f4 Nf7 18.e4 fxe4 19.Ndxe4 Nxe4 20.Nxe4 Bf5 21.Bg4 Qe7 22.Bf3 Qh4
23.Qd2 b5 24.axb5 axb5 25.Bg3 Qd8 26.Bf2 Ra8 27.b4 Ra4 28.Nxc5 dxc5 29.bxc5 Be4
30.d6 Bxf3 31.gxf3 Rf8 32.Re4 Qd7 33.Kg2 Qf5 34.Rfe1 Ng5 35.fxg5 Qxf3+ 36.Kg1 Rxe4
37.Qd5+ Kh8 38.Qxe4 Qxf2+ 39.Kh1 Qxc5 40.d7 Qc3 41.Rd1 Qxh3+ 42.Kg1 Qg3+
43.Kh1 Be5  0-1

[Event "TCh-FRA Feminins GpB"]
[Site "Montpellier FRA"]
[Date "2015.05.08"]
[Round "2.3"]
[White "Duval,Claire"]
[Black "Paehtz,E"]
[Result "0-1"]
[WhiteElo "1831"]
[BlackElo "2479"]

1.d4 e6 2.c4 c5 3.d5 exd5 4.cxd5 d6 5.Nc3 Nf6 6.Nf3 g6 7.Bf4 a6 8.a4 Bg7
9.h3 O-O 10.e3 Qe7 11.Nd2 Nbd7 12.Nc4 Ne8 13.Be2 Rb8 14.a5 Ne5 15.Bxe5 Bxe5
16.O-O Bg7 17.Nb6 f5 18.Qc2 Nf6 19.Rae1 Bd7 20.e4 f4 21.Bf3 Ne8 22.Nxd7 Qxd7
23.Bg4 Qd8 24.Qa4 Be5 25.Qa2 f3 26.Bxf3 Rxf3 27.gxf3 Qg5+  0-1

[Event "Nakhchivan Open 2015"]
[Site "Nakhchivan AZE"]
[Date "2015.05.10"]
[Round "9.12"]
[White "Javanbakht,N"]
[Black "Abasov,N"]
[Result "1/2-1/2"]
[WhiteElo "2397"]
[BlackElo "2523"]

1.d4 Nf6 2.c4 e6 3.Nf3 c5 4.d5 exd5 5.cxd5 d6 6.Nc3 g6 7.g3 Bg7 8.Bg2 O-O
9.O-O a6 10.a4 Nbd7 11.h3 Re8 12.Nd2 Nh5 13.Nce4 Ndf6 14.Nxf6+ Qxf6 15.Nc4 Rb8
16.Qd2 b5 17.Na5 Qd4 18.Qxd4 cxd4 19.Nc6 Rb6 20.axb5 Rxb5 21.g4 Nf6 22.Nxd4 Rb6
23.Rd1 Ne4 24.Nc6 Bb7 25.Be3 Rxb2 26.Bxe4 Rxe4 27.Rab1 Rb5 28.Rxb5 axb5 29.Rb1 Re8
30.Bf4 Be5 31.Bxe5 Bxc6 32.Bxd6 Bxd5 33.Rxb5 Bc4 34.Rb2  1/2-1/2

[Event "Abrisham Open 2015"]
[Site "Sowme'eh Sara IRI"]
[Date "2015.05.10"]
[Round "5.10"]
[White "Grabliauskas,V"]
[Black "Golizadeh,A"]
[Result "0-1"]
[WhiteElo "2325"]
[BlackElo "2470"]

1.d4 Nf6 2.c4 e6 3.Nc3 c5 4.d5 exd5 5.cxd5 d6 6.Nf3 g6 7.Nd2 Bg7 8.Nc4 O-O
9.Bf4 Ne8 10.Qd2 Na6 11.e4 Nac7 12.Ne3 b5 13.a4 b4 14.Nb5 Nxb5 15.Bxb5 Nf6
16.Bg5 Bd7 17.Bxd7 Qxd7 18.f3 b3 19.O-O Rab8 20.Nd1 Rb4 21.Nc3 Re8 22.Rfe1 a6
23.Re2 Qb7 24.Bf4 Qb8 25.Bh6 Bh8 26.Rae1 Nd7 27.f4 Bd4+ 28.Kh1 f6 29.g4 Bxc3
30.Qxc3 Rxa4 31.g5 Rd4 32.Qh3 Qb7 33.Kg1 fxg5 34.Bxg5 c4 35.Qc3 Qb6 36.Kg2 Qc5
37.Qh3 Qc7 38.Qg4 Nc5 39.e5 Rf8 40.Bh6 Nd3 41.Rf1 Ra8 42.Qe6+ Qf7 43.Qxf7+ Kxf7
44.e6+ Kf6 45.Kf3 Rxd5 46.Bg5+ Kg7 47.Ke4 Rf5 48.Rf3 h6 49.Bh4 Re8 50.Kd4 Nxf4
51.Ref2 Nxe6+ 52.Kxc4 Rc8+ 53.Kd3 Nc5+ 54.Kd4 Ne6+ 55.Kd3 Rd5+ 56.Ke3 Re5+
57.Kd3 Nc5+ 58.Kd4 Re4+ 59.Kd5 Rxh4 60.Rf7+ Kg8 61.Re7 Rh5+ 62.Kxd6 Rf5 63.Rg2 Rf6+
64.Kd5 Nd3 65.Rg3 Rd8+ 66.Kc4 Nxb2+ 67.Kxb3 Rb6+  0-1

[Event "May UT Brownsville GM"]
[Site "Brownsville USA"]
[Date "2015.05.15"]
[Round "5.2"]
[White "Cruz,Cr"]
[Black "Stukopin,A"]
[Result "1/2-1/2"]
[WhiteElo "2540"]
[BlackElo "2573"]

1.d4 Nf6 2.c4 e6 3.Nf3 c5 4.d5 exd5 5.cxd5 d6 6.Nc3 g6 7.g3 Bg7 8.Bg2 O-O
9.O-O Re8 10.Bf4 Nh5 11.Bc1 Nf6 12.Bf4 Nh5 13.Bd2 Nf6 14.Bf4  1/2-1/2

[Event "3rd Gligoric Cup 2015"]
[Site "Kraljevo SRB"]
[Date "2015.05.19"]
[Round "4.1"]
[White "Dreev,A"]
[Black "Ivanisevic,I"]
[Result "1/2-1/2"]
[WhiteElo "2634"]
[BlackElo "2657"]

1.d4 Nf6 2.Nf3 e6 3.c4 c5 4.d5 d6 5.Nc3 exd5 6.cxd5 g6 7.Nd2 Nbd7 8.e4 Bg7
9.Be2 O-O 10.O-O Re8 11.Re1 Ne5 12.Nf1 c4 13.a4 Bd7 14.h3 a6 15.f4 Nd3 16.Bxd3 cxd3
17.Qxd3 b5 18.Ng3 bxa4 19.Nxa4 Bb5 20.Qd1 Bxa4 21.Rxa4 Qb6+ 22.Be3 Qb5 23.Bd4 Nxd5
24.Bxg7 Kxg7 25.Qd4+ f6 26.Rf1 Ne7 27.Rc4 Rab8 28.Rc7 Qb6 29.Qxb6 Rxb6 30.Ra7 Rxb2
31.Rxa6 Rc8 32.Rf2 Rc1+ 33.Nf1 Rxf2 34.Kxf2 Rc2+ 35.Kf3 Rc3+ 36.Kf2 Rc2+  1/2-1/2